| 000 | 00520nam a2200181Ia 4500 | ||
|---|---|---|---|
| 005 | 20250326125408.0 | ||
| 008 | 250326s9999 xx 000 0 und d | ||
| 037 | _aTextbook | ||
| 040 |
_aFMSL _beng _cFMSL |
||
| 041 |
_aeng _2eng |
||
| 084 |
_aX9S.1X K9 _qFMSL |
||
| 100 |
_aZenof D B _9739006 |
||
| 245 | 0 |
_aPrivate enterprise in the developing countries _cZenof D B |
|
| 260 |
_aNew Jersey _bNew Jersey, Prentice-Hall _c1969 |
||
| 300 | _a282p | ||
| 942 |
_cTB _hX9S.1X K9 |
||
| 999 |
_c1277869 _d1277869 |
||